<?xml version="1.0" encoding="UTF-8"?>
<collection xmlns="http://www.loc.gov/MARC21/slim">
 <record>
  <leader>01744nam a2200205Ia 4500</leader>
  <controlfield tag="001">CTU_123284</controlfield>
  <controlfield tag="008">210402s9999    xx            000 0 und d</controlfield>
  <datafield tag="020" ind1=" " ind2=" ">
   <subfield code="c">46000</subfield>
  </datafield>
  <datafield tag="082" ind1=" " ind2=" ">
   <subfield code="a">658.31124</subfield>
  </datafield>
  <datafield tag="082" ind1=" " ind2=" ">
   <subfield code="b">T469</subfield>
  </datafield>
  <datafield tag="100" ind1=" " ind2=" ">
   <subfield code="a">Thompson, Carolym B.</subfield>
  </datafield>
  <datafield tag="245" ind1=" " ind2="0">
   <subfield code="a">Kỹ thuật phỏng vấn của nhà quản trị</subfield>
  </datafield>
  <datafield tag="245" ind1=" " ind2="0">
   <subfield code="c">Carolym B. Thompson; Lê Minh Hà và Nguyễn Hoài Ước biên dịch</subfield>
  </datafield>
  <datafield tag="260" ind1=" " ind2=" ">
   <subfield code="a">Hà Nội</subfield>
  </datafield>
  <datafield tag="260" ind1=" " ind2=" ">
   <subfield code="b">Thống kê</subfield>
  </datafield>
  <datafield tag="260" ind1=" " ind2=" ">
   <subfield code="c">2005</subfield>
  </datafield>
  <datafield tag="520" ind1=" " ind2=" ">
   <subfield code="a">Kỹ thuật phỏng vấn của nhà quản trị sẽ giúp bạn hoạch định  và chuẩn bị cho mọi cuộc phỏng vấn, hướng dẫn tiến trình bắt đầu và kết thúc tối quan trọng của mọi phiên thu thập thông tin, và dùng thông tin mà bạn thu thập để ra các quyết định. Bạn sẽ biết các phương pháp truyền thông với người khác theo cách giúp họ dễ dàng hiểu rõ, đặt các câu hỏi, lắng nghe, ghi chép, và đối phó với những người dường nhưhay gây khó khăn cho việc lấy thông tin từ họ. Sách có nhiều loại biểu mẫu sẵn dùng, các công cụ, và các danh sách những điều cần kiểm tra để giúp bạn dễ dàng thu thập thông tin từ bất kì người nào một cách nhanh chóng, chính xác, và theo giúp họ cảm thấy tuyệt vời về bạn và tổ chức của bạn...</subfield>
  </datafield>
  <datafield tag="650" ind1=" " ind2=" ">
   <subfield code="a">Personnel management,Employment interviewing</subfield>
  </datafield>
  <datafield tag="904" ind1=" " ind2=" ">
   <subfield code="i">Tuyến</subfield>
  </datafield>
  <datafield tag="980" ind1=" " ind2=" ">
   <subfield code="a">Trung tâm Học liệu Trường Đại học Cần Thơ</subfield>
  </datafield>
 </record>
</collection>
